| 000 | 00697nam a22002057a 4500 | ||
|---|---|---|---|
| 005 | 20130704113917.0 | ||
| 010 | _aB-5089342-943 | ||
| 020 |
_c475.00 (V.I) _a9788131768860 |
||
| 035 | _aB-508942-943 | ||
| 037 | _bKBD/Ven | ||
| 082 | _a547 | ||
| 100 | _aGanguly Ananya | ||
| 245 |
_aFundamentals ofOrganic Chemistry for the JEE/ISEET/ _cby Ananya Ganguly |
||
| 260 |
_aNew Delhi _bPearson _c2012 |
||
| 270 |
_a11 Community Centre, Panchsheel Park _bNew Delhi _e110017 |
||
| 300 |
_aVarious Pages. _c25cm(pbk) |
||
| 700 | _dK.J.Rajendra Prasad | ||
| 942 |
_2ddc _cEN _h547 _mGAN |
||
| 999 |
_c77165 _d77165 |
||